| 000 | 00480nam a2200181Ia 4500 | ||
|---|---|---|---|
| 005 | 20250423095752.0 | ||
| 008 | 250422s9999 xx 000 0 und d | ||
| 020 | _a9783030287443 | ||
| 050 | _aBF 697.5 .S46 .E35/ | ||
| 100 | _aEdited by Joerg Zumbach et.al | ||
| 245 | 0 | _aInternational handbook of psychology learning and teaching | |
| 260 | _aSwitzerland | ||
| 260 | _bSpringer | ||
| 260 | _c2023 | ||
| 300 | _a1491 p | ||
| 650 | _aTeaching and Learning | ||
| 942 | _cBK | ||
| 999 |
_c31278 _d31278 |
||